00390nam a22001457a 450000500170000000800410001702200130005804100130007108200130008410000130009724500280011026000480013830000320018665000260021820240319140434.0240319b |||||||| |||| 00| 0 eng d a0258249X aEnglish  a349 IND  lEnglish  aIndustrial Law Journal  aCape Town : bJuta and Company Ltd, c1991  bxxxix, 192 pages ; c25 cm. aLegal practice bLaw